00633nam a2200229 4500003000400000005001700004008004100021020001500062040001800077050001700095100003100112245005900143264003400202300003300236336002200269337002400291338002400315490001600339650001900355942001200374999001700386OSt20260530115258.0260418b1979 sp a|||| |||| 00| 0 spa d a842520934X aICIbspacICI a NK1390bL561 aLlovet, Jordid194793074710aIdeología y Metodología del DiseñocJordi Llovet 1bGustavo Gilic1979aBarcelona a161 páginasbilustraciones atexto2rdacontent asin medio2rdamedia avolumen2rdacarrier aGG Diseño 4aDiseño92672 2ddccBK c12693d12693